Holomorphic functions and integral representations in several complex variables
Saved in:
| Main Author: | |
|---|---|
| Format: | Book |
| Language: | English |
| Published: |
New York :
Springer-Verlag,
c1986
|
| Series: | Graduate texts in mathematics ;
; 108 |
| Subjects: | |
| Tags: |
Add Tag
No Tags, Be the first to tag this record!
|
MARC
| LEADER | 00000cam a2200000 i 4500 | ||
|---|---|---|---|
| 001 | 1/31603 | ||
| 008 | 941103s1986 eng d | ||
| 020 | |a 038796259X | ||
| 035 | |l 10038873 | ||
| 035 | |a 1991 |c ΔΑΡΑΣ | ||
| 040 | |a GR-MY-UA |b gre |e aacr | ||
| 041 | 0 | |a eng | |
| 082 | 0 | |a 515.98 | |
| 100 | 1 | |a Range, R. Michael. | |
| 245 | 1 | 0 | |a Holomorphic functions and integral representations in several complex variables / |c R. Michael Range |
| 260 | |a New York : |b Springer-Verlag, |c c1986 | ||
| 300 | |a xviii, 386 p.; |b ill.; |c 25 cm. | ||
| 490 | 1 | |a Graduate texts in mathematics |v ; 108 | |
| 500 | |a Bibliography: p. [363]-373 | ||
| 500 | |a Includes index | ||
| 650 | 0 | 0 | |a Holomorphic functions. |
| 650 | 0 | 0 | |a Integral representations. |
| 650 | 0 | 0 | |a Functions of several complex variables. |
| 830 | 0 | |a Graduate texts in mathematics ; |v ; 108 | |
| 852 | |a INST |b SAMOS |e 19941103 |h 515.98 RAN |p 005300001257 |q 005300001257 |t BK |y 0 | ||
| 909 | |a Σ |b 019905 | ||